| 000 | 01003cam a22002894a 4500 | ||
|---|---|---|---|
| 001 | 14118534 | ||
| 005 | 20250315110426.0 | ||
| 008 | 050923s2006 paua b 001 0 eng | ||
| 020 | _a9780781762656 | ||
| 050 | 0 | 0 |
_aRS57 _b.S86 2006 |
| 082 | 0 | 0 |
_a615/.1401513 _222 |
| 100 | 1 |
_aAnsel, Howard C., _d1933- |
|
| 245 | 1 | 0 |
_aPharmaceutical calculations. _cHoward C. Ansel, Mitchell J. Stoklosa. |
| 250 | _a12th ed. / | ||
| 260 |
_aPhiladelphia : _bLippincott Williams & Wilkins, _cc2006. |
||
| 300 |
_axvi, 425 p. : _bill. ; _c27 cm. |
||
| 650 | 0 | _aPharmaceutical arithmetic. | |
| 650 | 1 | 2 | _aPharmacy. |
| 650 | 1 | 2 | _aWeights and Measures. |
| 650 | 2 | 2 | _aDosage Forms. |
| 650 | 2 | 2 | _aDrug Compounding. |
| 650 | 2 | 2 | _aMathematics. |
| 700 | 1 | _aStoklosa, Mitchell J. | |
| 856 | 4 | 2 |
_3Publisher description _uhttp://www.loc.gov/catdir/enhancements/fy0713/2005044700-d.html |
| 856 | 4 | 1 |
_3Table of contents only _uhttp://www.loc.gov/catdir/enhancements/fy1010/2005044700-t.html |
| 942 |
_2lcc _cBK _e12th ed. _n0 |
||
| 999 |
_c4862 _d4862 |
||